Normal view
MARC view
- Page, Janis Teruggi.
Entry Personal Name
001 - CONTROL NUMBER
- control field: 46902
003 - CONTROL NUMBER IDENTIFIER
- control field: OSt
005 - DATE AND TIME OF LATEST TRANSACTION
- control field: 20221126134336.0
008 - FIXED-LENGTH DATA ELEMENTS
- fixed length control field: 221126|| aca||aabn | a|a d
040 ## - CATALOGING SOURCE
- Original cataloging agency: OSt
- Transcribing agency: OSt
100 ## - HEADING--PERSONAL NAME
- Personal name: Page, Janis Teruggi.
670 ## - SOURCE DATA FOUND
- Source citation: Work cat.: (OSt): Page, Janis Teruggi., Visual communication insights and strategies /, ©2022.
